000 00352nam a2200169Ia 4500
100 _aMahalik N.P
650 _aMechatronics
942 _cBK
366 _f25
654 _amechatronics
245 _aMechatronics
260 _bTata McGraw Hil
_c2009
082 _a621.381042
_bMAH
300 _a589
546 _aENGLISH
_cInfo.Tech
999 _c28513
_d28513